Top 15 dei paesi con decessi Covid-19 - 17 giugno - Statistics

Statistiche generali
  • Questo quiz è stato fatto 4 volte
  • Il punteggio medio è 13 su 20
Statistiche sulle risposte
nazione % Corretto
Francia
100%
Germania
100%
Italia
100%
Russia
100%
Spagna
100%
Stati Uniti
100%
Brasile
75%
Canada
75%
India
75%
Messico
75%
Regno Unito
75%
Belgio
50%
Paesi Bassi
50%
Perù
50%
Svizzera
50%
Cile
25%
Ecuador
25%
Irlanda
25%
Svezia
25%
Iran
0%
Nessun quiz corrispondente trovato
Distribuzione punteggi
Percentuale di utenti per punteggio
Percentile per numero di risposta
I tuoi punteggi nel tempo
Non hai fatto questo quiz